000 00944nac a22003137a 4500
001 BR0003745
003 BR-BrBNA
005 20240105122443.0
008 230509b bl.|||m| |||| 00| 0 por d
040 _aBR-BrBNA
_bpor
_cBiblioteca Nacional de Agricultura
072 _aF04
090 _a0100 BR0003745
100 1 _aWietholter, S.
100 1 _aPeruzzo, G.
110 1 _aCentro Nacional de Pesquisa de Trigo, Passo Fundo, RS (Brasil)
245 1 _aUso de ureia em cereais de inverno
260 3 _aPasso Fundo, RS (Brasil):
_c1998.
300 _a24 p.
490 _aCircular Tecnica - Centro Nacional de Pesquisa de Trigo (Brazil)
_vno. 13
_xISSN 0100-8525
500 _a34 ref.; 6 tables
650 _aCereal
650 _aUreia
650 _aReacao Quimica
650 _aSolo
650 _aFertilizante Nitrogenado
650 _aRendimento
909 _a202312
_bLúcia Elande
_c55
_dLúcia Elande
942 _2AGRIS
_n0
_cMS
999 _c291118
_d291118